000 01140nam a2200325 a 4500
001 49608
003 FlNmELB
005 20241216232145.0
006 m o d |
007 cr cn|||||||||
008 201103r2009 ag |||||s|||||||||||spa d
035 _a(MiAaPQ)EBC3183461
035 _a(Au-PeEL)EBL3183461
035 _a(CaPaEBR)ebr10328127
035 _a(OCoLC)929051582
040 _aFlNmELB
_bspa
_cFlNmELB
050 4 _aGV707
_bG751 2009
080 _a796
082 0 4 _a796
_222
100 1 _aGranda Dihigo, Joel Ernesto.
245 1 3 _aEl deporte en Cuba
_h[recurso electronico] :
_bexpresión de un modo de vida.
260 _aBuenos Aires (Argentina) :
_bEl Cid Editor | apuntes,
_c2009.
300 _a15 p.
533 _aRecurso electrónico. Santa Fe, Arg.: e-libro, 2015. Disponible vía World Wide Web. El acceso puede estar limitado para las bibliotecas afiliadas a e-libro.
650 4 _aSports and Recreation.
_xGeneral.
650 4 _aDeportes y Recreación.
_xGeneral.
655 4 _aLibros electrónicos.
710 2 _ae-libro, Corp.
856 4 0 _uhttps://elibro.net/ereader/politecnicointernacional/29550
999 _c49608
_d49608